000 00653nam a2200229Ia 4500
003 OSt
005 20220928103342.0
006 a|||||r|||| 00| 0
007 ta
008 220927b |||||||| |||| 00| 0 eng d
024 _a90210
037 _cTextual
040 _aSDCL
_cSDCL
_beng
041 _2eng
_aeng
082 _aX9:75.2'N9, N2
100 _aSandesara J C
_9378753
245 0 _aIndustrial policy and planning ,1947-91
_b Tendencies , interpretations and issues
260 _aDelhi
_bSage Publications
_c1992
300 _a211p
_ccm.
942 _hX9:75.2'N9, N2
_cTEXL
_2CC
999 _c719433
_d719433